| 000 | 00732nam a22002535a 4500 | ||
|---|---|---|---|
| 008 | 161122t2014 xxua|||fs|||| 001 0 eng d | ||
| 020 | _a9780273790051 | ||
| 040 |
_aEG-ScBUE _beng _cEG-ScBUE |
||
| 082 | 0 | 4 |
_222 _a339 _bPAR |
| 100 | 1 | _aParkin, Michael | |
| 245 | 1 | 0 |
_aMacroeconomics / _cMichael Parkin |
| 250 | _a11th ed., Global ed. | ||
| 260 |
_aBoston : _bPearson, _c2014. |
||
| 300 |
_axxxvii, 396 p. : _bill. ; _c28 cm. |
||
| 500 | _aInclude Index. | ||
| 500 | _aInclude Glossary. | ||
| 590 | _aSuzan Ashmawy | ||
| 650 | 7 |
_2BUEsh _aMacroeconomics. |
|
| 650 | 7 |
_2BUEsh _aMicroeconomics _xStudy and teaching. |
|
| 650 | 7 |
_2BUEsh _aEconomic history |
|
| 651 | _2BUEsh | ||
| 653 |
_bBUSECO _cNovember2016 |
||
| 942 | _2ddc | ||
| 999 |
_c23261 _d23233 |
||